00553nam a2200157 a 450000100100000000500170001000800410002704000250006808200160009310000320010924500660014126000360020730000210024395201140026499900170037800003253020200930065705.0110719s1970 dr 000 0 spa d aDO-SdBNPbspacBNPHU axxxxbS237g1 aSantos Suriel, Pablo95741014aLos gavilleros que dijeron presentes. /cPablo Santos Suriel. a[Santo Domingoas. n.,c1970?]. a123 p. ;c17 cm. 0010718PDaPDbPDcCTd2011-07-19iLF1l0oxxxx S237gp32530-10r2020-06-25w2020-06-25yLFPDZNo se presta c32021d32021